[Event "Mallorca Summer 1st"]
[Site "Palma de Mallorca"]
[Date "2012.07.19"]
[Round "6"]
[White "Castell Cantero, Jose Juan"]
[Black "Diez Cabeza, Vicente"]
[Result "0-1"]
[WhiteElo "1524"]
[BlackElo "1653"]
[PlyCount "52"]
[EventDate "2012.07.09"]
[EventType "swiss"]
[EventRounds "8"]
[EventCountry "ESP"]
[SourceTitle "EXT 2014"]
[Source "ChessBase"]
[SourceDate "2013.11.20"]
[SourceVersion "1"]
[SourceVersionDate "2013.11.20"]
[SourceQuality "1"]

1. d4 g6 2. c4 Bg7 3. Nc3 d6 4. e4 Nf6 5. h3 Na6 6. Nf3 c5 7. Bg5 Nd7 8. Qd2 cxd4 9. Nxd4 Ndc5 10. 0-0-0 Nb4 11. Qe3 Qa5 12. Kb1 Nxe4 13. Qxe4 Qxg5 14. f4 Qa5 15. Nb3 Qf5 16. g4 Qxe4+ 17. Nxe4 f5 18. Nf2 fxg4 19. hxg4 0-0 20. a3 Nc6 21. Bg2 Rxf4 22. Rh2 Rxf2 23. Bd5+ Rf7 24. Bxf7+ Kxf7 25. Rxh7 Bxg4 26. Rf1+ Bf5+ 0-1

[Event "Mallorca Summer 1st"]
[Site "Palma de Mallorca"]
[Date "2012.07.17"]
[Round "5"]
[White "Carranza Pons, Ricardo Nelson"]
[Black "Castell Cantero, Jose Juan"]
[Result "1/2-1/2"]
[WhiteElo "1743"]
[BlackElo "1524"]
[PlyCount "80"]
[EventDate "2012.07.09"]
[EventType "swiss"]
[EventRounds "8"]
[EventCountry "ESP"]
[SourceTitle "EXT 2014"]
[Source "ChessBase"]
[SourceDate "2013.11.20"]
[SourceVersion "1"]
[SourceVersionDate "2013.11.20"]
[SourceQuality "1"]

1. e4 c5 2. Nf3 g6 3. c4 Bg7 4. Nc3 Nc6 5. Bd3 d6 6. 0-0 Bg4 7. h3 Bxf3 8. Qxf3 Nf6 9. Re1 0-0 10. Bf1 Nd4 11. Qd1 a6 12. d3 Qb8 13. Be3 Nd7 14. Rb1 b5 15. Bxd4 Bxd4 16. Nd5 Qd8 17. Nf4 e6 18. Ne2 Qf6 19. Nxd4 Qxd4 20. Qf3 Rab8 21. Qe3 Qf6 22. b3 Rfe8 23. Qg3 Rb6 24. f4 Qd4+ 25. Qe3 Qxe3+ 26. Rxe3 Rbb8 27. Kf2 e5 28. g3 b4 29. h4 Nf6 30. Bh3 Ra8 31. Ree1 a5 32. g4 Nd7 33. f5 a4 34. Ra1 axb3 35. axb3 Nb6 36. Ke2 h6 37. f6 g5 38. hxg5 hxg5 39. Bg2 Kf8 40. Rh1 Kg8 1/2-1/2

[Event "Palma de Mallorca op 4th"]
[Site "Palma de Mallorca"]
[Date "2009.11.23"]
[Round "4"]
[White "Escofet Llongueras, Joan"]
[Black "Castell Cantero, Jose Juan"]
[Result "1-0"]
[WhiteElo "1865"]
[BlackElo "1563"]
[PlyCount "55"]
[EventDate "2009.11.21"]
[EventType "swiss"]
[EventRounds "9"]
[EventCountry "ESP"]
[SourceTitle "EXT 2011"]
[Source "ChessBase"]
[SourceDate "2010.11.26"]
[SourceVersion "1"]
[SourceVersionDate "2010.11.26"]
[SourceQuality "1"]

1. c4 e5 2. Nc3 Nc6 3. g3 Nf6 4. Bg2 Be7 5. e4 0-0 6. Nge2 Re8 7. 0-0 Bf8 8. d3 d6 9. h3 Be6 10. Nd5 Ne7 11. f4 Nfxd5 12. cxd5 Bd7 13. d4 f6 14. Nc3 c6 15. dxe5 dxe5 16. fxe5 fxe5 17. Kh2 Ng6 18. Be3 Bb4 19. Qb3 Bd6 20. Rad1 Kh8 21. Rf2 Rb8 22. Rfd2 c5 23. Nb5 Bxb5 24. Qxb5 b6 25. Rf1 Rb7 26. Rdf2 Kg8 27. h4 Ree7 28. Bg5 1-0

[Event "Palma de Mallorca op 4th"]
[Site "Palma de Mallorca"]
[Date "2009.11.22"]
[Round "2"]
[White "Henrichs, Wenke"]
[Black "Castell Cantero, Jose Juan"]
[Result "1-0"]
[WhiteElo "2039"]
[BlackElo "1563"]
[PlyCount "61"]
[EventDate "2009.11.21"]
[EventType "swiss"]
[EventRounds "9"]
[EventCountry "ESP"]
[SourceTitle "EXT 2011"]
[Source "ChessBase"]
[SourceDate "2010.11.26"]
[SourceVersion "1"]
[SourceVersionDate "2010.11.26"]
[SourceQuality "1"]

1. d4 Nf6 2. c4 g6 3. Nc3 Bg7 4. e4 d6 5. f4 0-0 6. Be3 c6 7. Qd2 Nbd7 8. Nh3 e5 9. d5 cxd5 10. cxd5 Nc5 11. Nf2 Bd7 12. b4 Na6 13. Nb5 Bxb5 14. Bxb5 Nc7 15. Bd3 a6 16. 0-0 Rc8 17. a4 Qd7 18. Rfc1 Nh5 19. Ra2 Nxf4 20. Bf1 f5 21. Rac2 Rf7 22. Bb6 Qd8 23. b5 Bh6 24. Be3 Bg7 25. b6 Qd7 26. Rxc7 Rxc7 27. bxc7 Qc8 28. g3 Nh5 29. Qc2 Nf6 30. Bh3 Ne8 31. Bb6 1-0

[Event "ESP-ch 74th"]
[Site "Palma de Mallorca"]
[Date "2009.09.28"]
[Round "3"]
[White "Castell Cantero, Jose Juan"]
[Black "Aguilo Pons, Francesc"]
[Result "0-1"]
[WhiteElo "1577"]
[BlackElo "1899"]
[PlyCount "64"]
[EventDate "2009.09.26"]
[EventType "swiss"]
[EventRounds "9"]
[EventCountry "ESP"]
[SourceTitle "CBM 132 Extra"]
[Source "ChessBase"]
[SourceDate "2009.11.03"]
[SourceVersion "1"]
[SourceVersionDate "2009.11.03"]
[SourceQuality "1"]

1. e4 c5 2. Nf3 d6 3. d4 cxd4 4. Nxd4 Nf6 5. Nc3 g6 6. Be3 Bg7 7. Be2 0-0 8. 0-0 Nc6 9. f3 Bd7 10. Qd2 a6 11. Bh6 Nxd4 12. Bxg7 Nxe2+ 13. Qxe2 Kxg7 14. Qe3 Rc8 15. Rac1 Qc7 16. Kh1 Qc5 17. Qd2 b5 18. g4 b4 19. Nd1 Bb5 20. Rg1 Qc4 21. Re1 Qc5 22. Ne3 Bc6 23. h4 Nd7 24. h5 Ne5 25. Nf5+ gxf5 26. h6+ Kh8 27. Qg5 Ng6 28. gxf5 Rg8 29. Rg1 f6 30. Qh5 Qe5 31. Rg4 Nf4 32. Qf7 Rxg4 0-1